Регионална библиотека "Любен Каравелов" - Русе

Ловци на растения (Запис номер 12386)

MARC детайли
000 -Лидер
Контролно поле с фиксирана дължина 01463nam a2200325 c 4500
003 - Код на организацията, давaща контролен номер
Контролно поле BLK
005 - Дата и час на последна редакция
Контролно поле 20230506024439.0
008 - Елементи от данни с фиксирана дължина
fixed length control field 180412b bul|||||r ||||||| ||bul||
010 ## - Наследен системен номер
LC control number KNG00013979000
020 ## - Международен стандартен номер на книга ISBN
Международен стандартен номер на книга ISBN 954-562-067-6
-- издат.: Астрала
040 ## - Източник на каталожния запис
Идентификатор на билиотеката - собственик на записа BLK
041 ## - Код за език
Код за езика на текст/звукозапис или на отделно заглавие Български
Код за езика КДБФ Български
080 ## - УДК
Текстов определител УДК Английска литература
УДК код - определител по УДК 821.111
УДК определител -31
УДК - код + определител 821.111-31
100 1# - Редна дума - Автор
Автор Рид, Томас Майн
Дати, свързани с автора 1818-1883
R(LIN) 365222
139 ## - Редно поле
Редна дума Рид, Томас Майн
Авторски знак Рид - Р 59
245 10 - Сведения за заглавието
Заглавие Ловци на растения
Подзаглавни данни Роман за юноши
Редно поле (дума) Томас Майн Рид; прев. от англ. Никола Милев.
250 ## - Област на изданието
Сведения за изданието 2. изд.
257 ## - Страна на издаване
Страна на създаване/издаване Великобритания
260 ## - Област на издателските данни
-- София
Име на издателя, разпространителя и проч. Астрала
Година на издаване 1996
Печатница Хасково : Развитие
300 ## - Физическа характеристика
Страници 264 с.
Размери/Мащаб 20 см
380 ## - Жанр
Жанр Детска худож. лит.
490 1# - СЕРИИ (Колекции)
Име на серия Екзотични битки и приключения
№: серия Кн. 1
500 ## - Общи забележки
Забележка Ориг. загл. The plant hunters or adventures among the Himalaya Mountains / Thomas Mayne Reid. - 1. изд. 1960 на Нар. младеж в Библ. Приключения и науч. фантастика. За средна и горна училищна възраст. - 2 000 тир.
700 1# - Други автори (авторска отговорност)
Лично име Милев, Никола
Автороска отговорност (Описва отношението между автора и произведението) прев. от англ.
9 (RLIN) 257494
852 ## - Местоположение
Форматна сигнатура Цб 190018
856 4# - Електронен адрес и достъп
Електронен формат pdf - файл
Път до файла /url/
856 4# - Електронен адрес и достъп
Електронен формат pdf - файл
Път до файла /url/
942 ## - АРТИКУЛИ
Вид на библиотечния материал Книги
Скрит в OPAC Не
944 ## - СЪЗДАВАНЕ И РЕДАКЦИЯ на ЗАПИСА
Създаване/Редакция Създаване
Дата на регистрацията/редакция 15.01.2003
Служител, извършил регистрацията/редакцията Людмила_Стоянова
944 ## - СЪЗДАВАНЕ И РЕДАКЦИЯ на ЗАПИСА
Създаване/Редакция Редакция
Дата на регистрацията/редакция 15.01.2003
Служител, извършил регистрацията/редакцията
999 ## - СИСТЕМНИ КОНТРОЛНИ НОМЕРА
Koha biblionumber 12386
Koha biblioitemnumber 12386
Наличности
Код за отписване Код за изгубен артикул Източник на класификационната схема Код за повреда Коз за рестрикции Код за отдаване Артикулен № Име на библиотеката - собственик Име на библиотеката, в която се намира в момента Статус (Текущо местоположение) Дата на вписване в системата Местоположение - отдел Цена в лева Инвентарен номер Систематично азбучна сигнатура Баркод Номер на екземпляра Цена в евро Служебна бележка Служебен тип на артикула
Изтеглен Не е изгубен Universal Decimal Classification Не е повреден без рестрикции заемане за дома 21397 Регионална библиотека "Любен Каравелов" Русе Регионална библиотека "Любен Каравелов" Русе Детски отдел 2001-01-01 Детски отдел 1.11 625408 ДХ 820/899/Р 59 625408 1 0.57 Дост: Pk Вид: Ф N: стар фонд Дата: 01.01.2001 Дата инв: 14.09.2015 Бележки инв: Д2015 Книги
  Не е изгубен Universal Decimal Classification Не е повреден без рестрикции ползва се в читалня 21398 Регионална библиотека "Любен Каравелов" Русе Регионална библиотека "Любен Каравелов" Русе Хранилище 2001-01-01 Хранилище 1.11 626505 Цб 190018 120000626505 2 0.57 Дост: Dp Вид: Д N: стар фонд Дата: 01.01.2001 Книги
Vip Innovations Ltd, Rousse, Bulgaria 2025